| 000 | 00489nam a2200145 4500 | ||
|---|---|---|---|
| 008 | 0 1997 0ant 000 0MEX | ||
| 020 | _a968-880-846-6 | ||
| 050 | _aTS183 G75 1997 | ||
| 082 | _a670 G883f | ||
| 100 | _aGroover, Mikell P. | ||
| 245 | _aFundamentos de manufactura moderna : materiales, procesos y sistemas / Mikell P. Groover | ||
| 260 | _aMéxico : Prentice Hall | ||
| 300 | _axv, 1062 p. / 25 cm. | ||
| 650 | _a1.MANUFACTURA-PROCESOS \ 2.INGENIERIA DE LA PRODUCCION | ||
| 999 |
_c18369 _d18369 |
||